| 000 | 00851cab a2200277 4500 | ||
|---|---|---|---|
| 001 | WB3501-28 | ||
| 008 | 090401t1998 xxu||||| |||| 00| 0 eng d | ||
| 035 | _a(Sirsi) u90418 | ||
| 041 | _aeng | ||
| 245 | _aUplift will ease problems | ||
| 260 | _c1998 | ||
| 350 | _a0 | ||
| 490 |
_aHousing Today _v17 December 1998, 3(1) |
||
| 520 | _aWandsworth, Croydon and Waltham Forest are to be added to the `super cost band` for housing association development by the Housing Corporation to reflect the cost of building in London. | ||
| 650 | _aCROYDON | ||
| 650 | _aHOUSING ASSOCIATIONS | ||
| 650 | _aHOUSING CORPORATION | ||
| 650 | _aHOUSING DEVELOPMENT | ||
| 650 | _aLONDON | ||
| 650 | _aTOTAL COST INDICATORS | ||
| 650 | _aWALTHAM FOREST | ||
| 650 | _aWANDSWORTH | ||
| 690 | _aHOUSING-DEVELOPMENT | ||
| 942 | _n0 | ||
| 948 | _c21/12/1998 | ||
| 999 |
_c57327 _d57327 |
||